| 000 | 00820nam a22001337a 4500 | ||
|---|---|---|---|
| 040 | _cRUA | ||
| 082 | _aFOR PHU 2013 B142 Or.1 | ||
| 100 | _aPHUN, VEASNA. | ||
| 245 | _aThe studying on above ground tree biomass of re-growth forest at somraong community in somraong commune tramkak district takeo province, ការសិក្សាជីវម៉ស់ព្រៃឈើលើដីនៃព្រៃដុះលូតលាស់ឡើងវិញនៅក្នុងសហគមន៍ព្រៃឈើសំរោង ក្នុងឃុំសំរោង ស្រុកត្រាំកក់ ខេត្តតាកែវ | ||
| 260 |
_aPhnom Penh _bRUA _c2013 |
||
| 300 |
_aviii; 36p. _bill. _c29cm. |
||
| 856 | _uhttps://drive.google.com/file/d/1bv5k3OQMJ0eZWxUQL4ne2hr9ujIwgc5C/view?usp=sharing | ||
| 942 | _cFOR | ||
| 999 |
_c3432 _d3432 |
||